000
00259nam a22001097a 4500
008
230711b |||||||| |||| 00| 0 eng d
100
_a
iGNHaS
245
_a
Dzongkha - English Academic Terminologies
260
_c
2018
300
_a
10 p.
_c
14.5 cm
942
_2
ddc
999
_c
9607
_d
9608